书目信息 |
| 题名: |
中国的古籍
|
|
| 作者: | 邓瑞全 编著 | |
| 分册: | ||
| 出版信息: | 北京 北京科学技术出版社 1995.01 |
|
| 页数: | 93页 | |
| 开本: | 32开 | |
| 丛书名: | ||
| 单 册: | ||
| 中图分类: | K209 | |
| 科图分类: | ||
| 主题词: | 中国--通史 | |
| 电子资源: | ||
| ISBN: | 7-5304-1658-8 | |
| 000 | 00545nam0 2200193 45 | |
| 001 | 0008210972 | |
| 005 | 20000619095710.4 | |
| 010 | @a7-5304-1658-8@d3.90元 | |
| 100 | @a20000821d1995 km y0chiy0120 ea | |
| 101 | 0 | @achi |
| 105 | @a z 000yy | |
| 200 | 1 | @a中国的古籍@AZhong Guo De Gu Ji@f邓瑞全等编著@FDengRui Quan Deng Bian Zhu |
| 210 | @a北京@c北京科学技术出版社@d1995.01 | |
| 215 | @a93页@d32开 | |
| 606 | 0 | @a中国@x通史 |
| 690 | @aK209@v3 | |
| 701 | 0 | @a邓瑞全@4编著 |
| 801 | @aCN@bPftUser@c20000821 | |
| 905 | @dK209@eD689@b161891-892@f2 | |
| 中国的古籍/邓瑞全等编著.-北京:北京科学技术出版社,1995.01 |
| 93页;32开 |
| ISBN 7-5304-1658-8:3.90元 |
| ● |
| 相关链接 |
|
|
|
正题名:中国的古籍
索取号:K209/D689
 
预约/预借
| 序号 | 登录号 | 条形码 | 馆藏地/架位号 | 状态 | 备注 |
| 1 | 161891 | 201618918 | 自科二线404/309社科库 56排6列3层/ [索取号:K209/D689] | 在馆 | |
| 2 | 161892 | 201618927 | 自科二线404/309社科库 36排3列1层/ [索取号:K209/D689] | 在馆 |